| 000 | 00670nam a2200193 a 4500 | ||
|---|---|---|---|
| 001 | 000021201 | ||
| 005 | 20250430073846.0 | ||
| 008 | 100902s1953 dr r 000 0 spa d | ||
| 040 |
_aDO-SdBNP _bspa _cBNPHU |
||
| 082 |
_a158.1 _bA185c |
||
| 100 | 1 |
_aAcosta Corcino, J. F. _944325 |
|
| 245 | 1 | 3 |
_aEl camino del triunfo : _bensayo para la prosperidad individual / _cJ. F. Acosta Corcino. |
| 260 |
_aCiudad Trujillo, República Dominicana : _bArte y Cine, _c1953. |
||
| 300 |
_axxiv, 123 p. ; _c23 cm. |
||
| 590 | _aInventariado, 2018/LP | ||
| 650 | 0 |
_aAutorrealización (Psicología) _9211 |
|
| 650 | 4 |
_aDesarrollo humano _9213 |
|
| 910 | _aValidado. Control de calidad MFF | ||
| 999 |
_c20702 _d20702 |
||